Programación lineal y flujo en redes

Gorde:
Xehetasun bibliografikoak
Egile Nagusiak: Bazaraa, Mokhtar S (Egilea), Jarvis, John J (Egilea), Sherali, Hanif D (Egilea)
Formatua: Liburua
Hizkuntza:gaztelania
Argitaratua: Ciudad de México Limusa 1998
Edizioa:2a. ed
Gaiak:
Etiketak: Etiketa erantsi
Etiketarik gabe, Izan zaitez lehena erregistro honi etiketa jartzen!

MARC

LEADER 00000nam a2200000 a 4500
001 UCO5732
003 CL-VaPUC
008 000915e19980000MX |||||||||||||||||spa|d
082 0 4 |a 519.72  |b BAZ  |2 21 
100 0 |a Bazaraa, Mokhtar S  |e author  |9 450535 
700 0 |a Jarvis, John J  |e author  |9 450536 
700 0 |a Sherali, Hanif D  |e author  |9 450537 
245 1 0 |a Programación lineal y flujo en redes 
250 |a 2a. ed 
300 |a 781 p 
942 |c BK 
945 |d 20000915 00:00:00  |a vberengu 
260 |a Ciudad de México  |b Limusa  |c 1998 
650 0 |a Álgebra lineal   |9 260445 
650 0 |a Algoritmos   |9 260639 
650 7 |a DUALIDAD  |2 CL-VaPUC  |9 424840 
650 0 |a Método Simplex  |9 450538 
583 |a last modification  |c 20000915 00:00:00  |k Rodrigo Vera 
999 |c 291567  |d 291565 
952 |0 0  |1 0  |4 0  |6 519_720000000000000_BAZ_1998  |7 0  |8 A  |9 341500  |a BIBING  |b BIBING  |d 2019-11-20  |i 3651207  |l 3  |o 519.72 BAZ 1998  |p 3651207  |r 2025-01-20  |s 2023-09-08  |w 2019-11-20  |y BK  |k TRA